El Director del Instituto del Teatro representa a España en un Congreso de la UNESCO
Colección:
San Jorge,
; Núm. 11 (juliol 1953), pàg 97
Idioma:
Español
MARC
| LEADER | 00000naa a2200000 a 4500 | ||
|---|---|---|---|
| 003 | Arxiu | ||
| 005 | 20260324181037.0 | ||
| 008 | 160829s1953 spc xx s0 spa c | ||
| 040 | |a agdb | ||
| 245 | 0 | 3 | |a El Director del Instituto del Teatro representa a España en un Congreso de la UNESCO |
| 490 | |a San Jorge, |v Núm. 11 (juliol 1953), pàg 97 | ||
| 600 | 1 | 0 | |9 20224 |a Díaz-Plaja, Guillermo, |d 1909-1984 |
| 610 | 2 | 0 | |a Instituto del Teatro (Barcelona, Catalunya) |9 54846 |
| 773 | |g Núm. 11 (juliol 1953), pàg 97 |t San Jorge. | ||
| 901 | |a Arxiu | ||
| 942 | |n 1 |2 udc |c ART | ||
| 952 | |0 0 |1 0 |2 udc |4 0 |6 REV508 |7 1 |9 64459 |a Arxiu |b Arxiu |d 2022-11-30 |o Rev-508 |r 2022-11-30 00:00:00 |w 2022-11-30 |y ARXIU |z També disponible a Rev-522 | ||
| 999 | |c 48540 |d 48540 | ||